00560nam a2200193 a 4500001001300000003000900013005001700022008004100039020001000080082001700090100003100107245007400138260004100212300000900253500003500262505001000297650002800307700003100335nice12345678IN_TiNIC20260116015214.0050524s1988 ohia grp 000 0 eng  ac10000a305.235bLIO aLions Club International,  aSkills for Adolescenceb Activities and Assignments, Student Workbook aOhiobLions Club Internationalc1988 a136p aincludes index and biblioraphy2 aIndex aYoung Adults-Life Skill1 aLions Club International,